Bamboo for gardens

Bibliographic Details
Main Author: Meredith, Ted
Format: Book
Published: Portland, Or. : Timber Press , 2001.
Subjects:

MARC

LEADER 00000cam a2200000 7i4500
001 0000003486
005 20060403.0
020 0 0 |a 0881925071 
090 0 0 |a 635.9349   |b MER 
100 1 0 |a Meredith, Ted. 
245 1 0 |a Bamboo for gardens   |c Ted Jordan Meredith. 
260 0 0 |a Portland, Or. :   |b Timber Press ,   |c 2001. 
300 |a 406 p. :   |b col. ill. ;   |c 27 cm. 
650 0 0 |a Bamboo. 
999 |a 0000006774   |b Monograph   |c Open Shelf   |e Default branch